Phantom Troupe - Statistics

General Stats
  • This quiz has been taken 13 times
  • The average score is 4 of 14
Answer Stats
Answer % Correct
Pakunoda
64%
Uvogin
64%
Shalnark
55%
Chrollo Lucilfer
45%
Feitan Portor
36%
Hisoka Morow
27%
Kortopi
27%
Kalluto Zoldyck
18%
Bonolenov Ndongo
9%
Franklin Bordeau
9%
Machi Komacine
9%
Nobunaga Hazama
9%
Phinks Magcub
9%
Shizuku Murasaki
9%
No matching quizzes found
Score Distribution
Percent of People with Each Score
Percentile by Number Answered
Your Score History
You have not taken this quiz